| 000 | 00639nam a22002057a 4500 | ||
|---|---|---|---|
| 003 | PILC | ||
| 005 | 20150519163112.0 | ||
| 008 | 150519b xxu||||| |||| 00| 0 eng d | ||
| 020 | _a9716857382 | ||
| 050 |
_aLB 1025.3 _b.N322 2011 |
||
| 100 | _aNavarro, Rosita L. | ||
| 245 |
_aResearch-based teaching and learning / _cRosita L. Navarro, Rosita G. Santos. |
||
| 260 |
_aQuezon City : _bLorimar Publishing, Inc., _c2011. |
||
| 300 |
_aviii, 94 pages : _billustrations ; _c25 cm. |
||
| 500 | _aIncludes bibliographical references. | ||
| 650 | _aTeaching. | ||
| 650 | _aLearning. | ||
| 700 | _aSantos, Rosita G. | ||
| 942 |
_2lcc _cBK _kFIL |
||
| 999 |
_c284024 _d284024 |
||